书目信息 |
| 题名: |
医疗废物管理与污染控制技术
|
|
| 作者: | 赵由才 , 张全 , 蒲敏 主编 | |
| 分册: | ||
| 出版信息: | 北京 化学工业出版社 2005.01 |
|
| 页数: | 252页 | |
| 开本: | 26cm | |
| 丛书名: | 固体废物处理与资源化丛书 | |
| 单 册: | ||
| 中图分类: | X799.5 | |
| 科图分类: | ||
| 主题词: | 医院--废物处理--污染控制 | |
| 电子资源: | ||
| ISBN: | 7-5025-6226-5 | |
| 000 | 01016nam 2200277 450 | |
| 001 | 010251089020 | |
| 005 | 20050712180802.60 | |
| 010 | @a7-5025-6226-5@d40.00CNY | |
| 100 | @a20050529d2005 km y0chiy0120 ea | |
| 101 | 0 | @achi |
| 102 | @aCN@b110000 | |
| 105 | @aa a 000yy | |
| 200 | 1 | @a医疗废物管理与污染控制技术@Ayi liao fei wu guan li yu wu ran kong zhi ji shu@f赵由才, 张全, 蒲敏主编@Fzhao you cai,zhang quan,pu min zhu bian |
| 210 | @a北京@c化学工业出版社@d2005.01 | |
| 215 | @a252页@c图@d26cm | |
| 225 | 2 | @a固体废物处理与资源化丛书@Agu ti fei wu chu li yu zi yuan hua cong shu |
| 320 | @a有书目 (第252页)。 | |
| 330 | @a本书内容包括医疗垃圾产量预测、污染控制管理体系、焚烧与非焚烧处理方法、移动式处理设备等。 | |
| 410 | 0 | @12001 @a固体废物处理与资源化丛书 |
| 606 | 0 | @a医院@x废物处理@x污染控制 |
| 690 | @aX799.5@v4 | |
| 701 | 0 | @a赵由才@Azhao you cai@4主编 |
| 701 | 0 | @a张全@Azhang quan@4主编 |
| 701 | 0 | @a蒲敏@Apu min@4主编 |
| 801 | 0 | @aCN@bQSSK@c20050712 |
| 905 | @a10447@dX799.5@eZ340 | |
| 医疗废物管理与污染控制技术/赵由才, 张全, 蒲敏主编.-北京:化学工业出版社,2005.01 |
| 252页:图;26cm.-(固体废物处理与资源化丛书) |
| ISBN 7-5025-6226-5:40.00CNY |
| 本书内容包括医疗垃圾产量预测、污染控制管理体系、焚烧与非焚烧处理方法、移动式处理设备等。 |
| ● |
| 相关链接 |
|
|
|
正题名:医疗废物管理与污染控制技术
索取号:X799.5/Z340
 
预约/预借
| 序号 | 登录号 | 条形码 | 馆藏地/架位号 | 状态 | 备注 |
| 1 | 524810 | 205248105 | 自科二线504/504自科库 11排3列1层/ [索取号:X799.5/Z340] | 在馆 | |
| 2 | 524811 | 205248114 | 自科库501/501自科库 112排1列2层/ [索取号:X799.5/Z340] | 在馆 | |
| 3 | 524812 | 205248123 | 自科库501/501自科库 112排1列2层/ [索取号:X799.5/Z340] | 在馆 |